000 00416nmm a2200145Ia 4500
008 251105s9999||||xx |||||||||||||||||und||
041 _aspa
100 _aMondéjar Ovelleiro, Milagros
245 0 _aNarracións relatos
264 _a[Madrid, España] :
_bLetras de Autor,
_c2015
300 _a0 páginas
650 _aSpanish narrative
856 _uhttps://public.digitaliapublishing.com/a/87679
942 _cCF
999 _c105417
_d105417